University Home | Library Home | Institutional Repository

Advanced organic chemistry / (Record no. 152926)

MARC details
000 -LEADER
fixed length control field 00765cam6a220025300 4500
001 - CONTROL NUMBER
control field qce01667109
005 - DATE AND TIME OF LATEST TRANSACTION
control field 20190823112230.0
008 - FIXED-LENGTH DATA ELEMENTS--GENERAL INFORMATION
fixed length control field 730117s1960 nyua b 001 0 eng
010 ## - LIBRARY OF CONGRESS CONTROL NUMBER
LC control number 60006445 /L
035 ## - SYSTEM CONTROL NUMBER
System control number (Sirsi) r15203
035 ## - SYSTEM CONTROL NUMBER
System control number (QCAT)lss00373776
035 ## - SYSTEM CONTROL NUMBER
System control number (UPRA)qce01667109
040 ## - CATALOGING SOURCE
Modifying agency UPRA
050 0# - LIBRARY OF CONGRESS CALL NUMBER
Classification number QD251
Item number .W49 1960
082 ## - DEWEY DECIMAL CLASSIFICATION NUMBER
Classification number 547
100 1# - MAIN ENTRY--PERSONAL NAME
Personal name Wheland, George Willard, 1907-
Dates associated with a name Wheland, George Willard, 1907-
Linkage A46397.1
245 10 - TITLE STATEMENT
Title Advanced organic chemistry /
Statement of responsibility, etc. G.W. Wheland.
250 ## - EDITION STATEMENT
Edition statement 3rd ed.
260 ## - PUBLICATION, DISTRIBUTION, ETC.
Place of publication, distribution, etc. New York :
Name of publisher, distributor, etc. Wiley,
Date of publication, distribution, etc. c1960.
504 ## - BIBLIOGRAPHY, ETC. NOTE
Bibliography, etc. note Includes bibliographical references and indexes.
650 #0 - SUBJECT ADDED ENTRY--TOPICAL TERM
Topical term or geographic name entry element Chemistry, Organic.
Linkage S95.2
949 ## - LOCAL PROCESSING INFORMATION (OCLC)
a QD251
w lcc
i -9624
m MAIN
t BOOK
l ON-SHELF

No items available.

© 2026 - The University of Zambia Library - Koha v25.11